000 00544nam a2200157 a 4500
001 000036886
005 20240305140748.0
008 120203s2011 dr 000 0 spa d
020 _a9789945473230
040 _aDO-SdBNP
_bspa
_cBNPHU
100 1 _aRivera, Ernesto
_963268
245 1 0 _aSiete de Julio :
_bPinceladas de una vida /
_cErnesto Rivera ; prólogo Ramón Benito de la Rosa y Carpio.
260 _aSanto Domingo :
_bSantuario,
_c2011.
300 _a193 p. ;
_c24 cm.
700 1 2 _a Rosa y Carpio, Ramón Benito de la,
_d1939-
_ecomp.
_974159
999 _c36377
_d36377